000 00596nam a2200241Ia 4500
005 20260429112147.0
008 260429s9999||||xx |||||||||||||| ||und||
020 _a9781032344850
041 _aEnglish
082 _a796.332
_bMCN
100 _aMcNulty, Craig
245 0 _aScience of esports /
_cCraig McNulty
250 _a1st ed.
260 _aNew York :
_bRoutledge,
_c2024.
300 _aix, 152 p.; pbk
650 _a Athletes
650 _a Coaching
650 _aEsports
700 _a Bubna, Kabir
700 _a Polman, Remco
700 _a Watson, Matthew
942 _cTB
999 _c52659
_d52659